The Georgian verb / (Record no. 427)

000 -LEADER
fixed length control field 01277nam a22003977a 4500
001 - CONTROL NUMBER
control field 17502720
003 - CONTROL NUMBER IDENTIFIER
control field OSt
005 - DATE AND TIME OF LATEST TRANSACTION
control field 20241104132910.0
008 - FIXED-LENGTH DATA ELEMENTS--GENERAL INFORMATION
fixed length control field 121012s2012 gw b 000 0 eng
010 ## - LIBRARY OF CONGRESS CONTROL NUMBER
LC control number 2012489626
020 ## - INTERNATIONAL STANDARD BOOK NUMBER
International Standard Book Number 9783862882960 (alk. paper)
035 ## - SYSTEM CONTROL NUMBER
System control number (OCoLC)ocn807032289
040 ## - CATALOGING SOURCE
Original cataloging agency DLC
Language of cataloging eng
Transcribing agency DLC
Description conventions rda
041 ## - LANGUAGE CODE
Language code of text/sound track or separate title eng
042 ## - AUTHENTICATION CODE
Authentication code pcc
050 00 - LIBRARY OF CONGRESS CALL NUMBER
Classification number PK9114
Item number .M39 2012
080 ## - UNIVERSAL DECIMAL CLASSIFICATION NUMBER
Universal Decimal Classification number 811.353.1
Item number M-20
082 00 - DEWEY DECIMAL CLASSIFICATION NUMBER
Classification number 499/.9695
Edition number 21
100 1# - MAIN ENTRY--PERSONAL NAME
Personal name Maxarobliże, Tʻamar.
245 14 - TITLE STATEMENT
Title The Georgian verb /
Statement of responsibility, etc. Tamar Makharoblidze.
260 ## - PUBLICATION, DISTRIBUTION, ETC.
Place of publication, distribution, etc. Muenchen :
Name of publisher, distributor, etc. Lincom Europa,
Date of publication, distribution, etc. 2012.
300 ## - PHYSICAL DESCRIPTION
Extent 645 pages ;
Dimensions 24 cm.
336 ## - CONTENT TYPE
Content type term text
Source rdacontent
337 ## - MEDIA TYPE
Media type term unmediated
Source rdamedia
338 ## - CARRIER TYPE
Carrier type term volume
Source rdacarrier
490 0# - SERIES STATEMENT
Series statement LINCOM studies in Caucasian linguistics ;
Volume/sequential designation 20
500 ## - GENERAL NOTE
General note Printed sideways.
504 ## - BIBLIOGRAPHY, ETC. NOTE
Bibliography, etc. note Includes bibliographical references (pages 117-122).
650 #0 - SUBJECT ADDED ENTRY--TOPICAL TERM
Topical term or geographic name entry element Georgian language
General subdivision Verb.
650 #0 - SUBJECT ADDED ENTRY--TOPICAL TERM
Topical term or geographic name entry element Georgian language
General subdivision Verb
Form subdivision Tables.
653 ## - INDEX TERM--UNCONTROLLED
Uncontrolled term ქართული ენა
653 ## - INDEX TERM--UNCONTROLLED
Uncontrolled term ქართული ზმნა
906 ## - LOCAL DATA ELEMENT F, LDF (RLIN)
a 7
b cbc
c origres
d 3
e ncip
f 20
g y-gencatlg
942 ## - ADDED ENTRY ELEMENTS (KOHA)
Source of classification or shelving scheme
Koha item type Books
Holdings
Withdrawn status Lost status Source of classification or shelving scheme Damaged status Not for loan Permanent location Current location Date acquired Inventory number Total Checkouts Total Renewals Full call number Barcode Date last seen Date last checked out Price effective from Koha item type
          Ken Walker International University Ken Walker International University 11/25/2020 1159 2 2 811.353.1 M-20 1159 06/29/2023 03/20/2023 11/25/2020 Books

Powered by Koha